Statistics for Olympic Champions Tokyo 2020 - Track & Field

Click here to take the quiz!

General Stats

  • This quiz has been taken 118 times
  • The average score is 19 of 48

Answer Stats

EventAnswer% Correct
W 4x400mUSA
81%
M 4x400mUSA
81%
M 100mJacobs
78%
M 200mDe Grasse
72%
W 4x100mJamaica
72%
M 400mhWarholm
72%
W 200mThompson-Herrah
68%
W 100mThompson-Herrah
68%
M Pole VaultDuplantis
65%
W 400mhMcLaughlin
65%
M 4x100mItaly
62%
W 800mMu
57%
M Shot PutCrouser
56%
W 5000mHassan
56%
W 10000mHassan
56%
M 1500mIngebritsen
54%
M MarathonKipchoge
54%
M High JumpTamberi/Barshim
52%
M 5000mCheptegei
48%
MIX 4x400mPoland
47%
W Triple JumpRojas
46%
W 400mMiller-Uibo
41%
W HeptathlonThiam
37%
M DecathlonWarner
37%
M Javelin ThrowChopra
32%
M 400mGardiner
31%
W 1500mKipyegon
31%
M 3000msEl Bakkali
27%
M Discus ThrowStåhl
27%
M 800mKorir
23%
W Long JumpMihambo
23%
M 10000mBarega
21%
M 110mh
Parchment
20%
W Pole VaultNageotte
20%
W Hammer ThrowWlodarczyk
20%
M Triple JumpPichardo
19%
W 100mhCamacho-Quinn
17%
W High JumpLasitskene
16%
M Long JumpTentoglou
16%
W Discus ThrowAllman
15%
W Shot PutGong
14%
M Hammer ThrowNowicki
12%
W Javelin ThrowLiu
11%
W 3000msChemutai
9%
M 50km RacewalkTomala
9%
W MarathonJepchirchir
6%
W 20km RacewalkPalmisano
5%
M 20km RacewalkStano
4%

Score Distribution

Percentile by Number Answered

Percent of People with Each Score

Your Score History

You have not taken this quiz